<?xml version="1.0" encoding="UTF-8"?><?xml-stylesheet type="text/xsl" href="static/style.xsl"?><OAI-PMH xmlns="http://www.openarchives.org/OAI/2.0/" xmlns:xsi="http://www.w3.org/2001/XMLSchema-instance" xsi:schemaLocation="http://www.openarchives.org/OAI/2.0/ http://www.openarchives.org/OAI/2.0/OAI-PMH.xsd"><responseDate>2026-04-26T21:57:47Z</responseDate><request verb="GetRecord" identifier="oai:uvadoc.uva.es:10324/65397" metadataPrefix="marc">https://uvadoc.uva.es/oai/request</request><GetRecord><record><header><identifier>oai:uvadoc.uva.es:10324/65397</identifier><datestamp>2025-02-21T11:56:20Z</datestamp><setSpec>com_10324_1140</setSpec><setSpec>com_10324_931</setSpec><setSpec>com_10324_894</setSpec><setSpec>col_10324_1234</setSpec></header><metadata><record xmlns="http://www.loc.gov/MARC21/slim" xmlns:doc="http://www.lyncode.com/xoai" xmlns:xsi="http://www.w3.org/2001/XMLSchema-instance" xmlns:dcterms="http://purl.org/dc/terms/" xsi:schemaLocation="http://www.loc.gov/MARC21/slim http://www.loc.gov/standards/marcxml/schema/MARC21slim.xsd">
<leader>00925njm 22002777a 4500</leader>
<datafield tag="042" ind1=" " ind2=" ">
<subfield code="a">dc</subfield>
</datafield>
<datafield tag="720" ind1=" " ind2=" ">
<subfield code="a">Palacios Valencia, Yennesit</subfield>
<subfield code="e">author</subfield>
</datafield>
<datafield tag="260" ind1=" " ind2=" ">
<subfield code="c">2021</subfield>
</datafield>
<datafield tag="520" ind1=" " ind2=" ">
<subfield code="a">La justicia transicional aparece como institución alternativa que demanda unos mínimos necesarios acorde a  los  estándares  internacionales  en  la  materia.  Elementos  que  son  indispensable  para  el  tránsito  de  la  guerra a la paz, ante la exigencia de las víctimas de verdad, justicia, reparación y medidas de no repetición. No obstante, en lo que al caso colombiano respecta, se intenta responder a la pregunta ¿Es el proceso de justicia transicional resultado del miedo y la criminalidad? El objetivo a partir de la pregunta anterior es, desarrollar  elementos  teóricos  y  epistemológicos  en  relación  a  las  categorías  objeto  de  estudio  (miedo,  criminalidad  y  justicia  transicional),  esto  articulado  a  un  enfoque  fenomenológico-hermenéutico  que  se  nutre  del  método  documental,  a  partir  del  aporte  teórico  de  estudiosos  del  derecho,  criminólogos,  sociólogos,  y  filósofos,  que  aparecen  en  un  contexto  disciplinar  y  transversal,  atravesando  el  paradigma  de políticas seguritarias en la historicidad del conflicto armado. El resultado de las categorías abordadas permite  derivar,  entre  otras  cosas  que,  en  Colombia  los  factores  miedo  y  criminalidad  han  influido  y  seguirán  influyendo  en  la  vida  política,  social  y  económica  del  país,  ante  el  desenlace  impreciso  de  la  justicia  Especial  para  la  Paz.  La  conclusión  final,  en  este  sentido  es  que,  con  todo  el  miedo  que  pueda  derivarse de este proceso, alguna parte tendrá que ceder a partir de lo que la otra exige.</subfield>
</datafield>
<datafield tag="024" ind2=" " ind1="8">
<subfield code="a">Justicia, 26(39), 173-190</subfield>
</datafield>
<datafield tag="024" ind2=" " ind1="8">
<subfield code="a">0124-7441</subfield>
</datafield>
<datafield tag="024" ind2=" " ind1="8">
<subfield code="a">https://uvadoc.uva.es/handle/10324/65397</subfield>
</datafield>
<datafield tag="024" ind2=" " ind1="8">
<subfield code="a">10.17081/just.26.39.4053</subfield>
</datafield>
<datafield tag="024" ind2=" " ind1="8">
<subfield code="a">173</subfield>
</datafield>
<datafield tag="024" ind2=" " ind1="8">
<subfield code="a">39</subfield>
</datafield>
<datafield tag="024" ind2=" " ind1="8">
<subfield code="a">190</subfield>
</datafield>
<datafield tag="024" ind2=" " ind1="8">
<subfield code="a">Justicia</subfield>
</datafield>
<datafield tag="024" ind2=" " ind1="8">
<subfield code="a">26</subfield>
</datafield>
<datafield tag="024" ind2=" " ind1="8">
<subfield code="a">2590-4566</subfield>
</datafield>
<datafield tag="245" ind1="0" ind2="0">
<subfield code="a">A propósito de la justicia transicional: ¿Resultado del miedo y la criminalidad?</subfield>
</datafield>
</record></metadata></record></GetRecord></OAI-PMH>